000 01199nam a2200241 a 4500
001 000024666
005 20200930023310.0
008 110202s2010 dr c 000 0 spa d
020 _z9789945404234
040 _aDO-SdBNP
_bspa
_cBNPHU
082 _aRD860.4409
_bP349e
100 1 _aPeña, Enegildo,
_d1965-
_925677
245 1 0 _aEntrevistar es pensar (un encuentro con la cultura) :
_bentrevistas a escritores e intelectuales dominicanos /
_cEnegildo Peña.
260 _aSanto Domingo :
_bEdiciones de Cultura,
_c2010.
300 _a207 p. :
_bil., retr. ;
_c23 cm.
500 _aIncluye referencias bibliograficas y notas al pie de las páginas.
505 0 _gIntroducción --
_tDiógenes Céspedes --
_tMarcio Veloz Maggiolo --
_tAndrés L. Mateo --
_tJosé Alcántara Almánzar --
_tMateo Morrison --
_tJosé Mármol --
_tPlinio Chahín --
_tLeón David --
_tJosé Rafael Lantigua --
_tSilvio Torres Saillant --
_tArelis Albino entrevista a Enegildo Peña.
590 _aInventariado, 2018/LP
650 4 _aAutores dominicanos
_xEntrevistas
_922868
650 4 _aLiteratura dominicana
_xHistoria y crítica
_9159
650 4 _aAutores en literatura
_922864
910 _aValidado. Control de calidad EMS.
999 _c24159
_d24159